MARC

LEADER 00000nmm0a2200000 4500
001 174448
005 20231101223148.0
010 |a 9780521715188 
035 |a (RuTPU)RU\TPU\book\189174 
035 |a RU\TPU\book\176135 
090 |a 174448 
100 |a 20100127d2009 m y0engy50 ba 
101 0 |a eng 
102 |a US 
105 |a a j 000zy 
200 1 |a Cambridge English for Engineering  |f M. Ibbotson 
210 |a New York  |c Cambridge University Press  |d 2009 
215 |a 112 p.  |c il.  |e 2 CD-ROM 
225 1 |a Professional English 
606 |a Английский язык  |x Учебные руководства и пособия  |x Учебные руководства и пособия для высшей школы  |2 stltpush  |3 (RuTPU)RU\TPU\subj\29071  |9 52483 
610 1 |a лексика 
610 1 |a грамматика 
610 1 |a разговорная речь 
610 1 |a профессиональный английский язык 
610 1 |a инженерное дело 
610 1 |a упражнения 
610 1 |a CD-ROM 
686 |a Ш143.21-923  |v LBC/SL-A  |2 rubbk 
700 1 |a Ibbotson  |b M.  |g Mark 
801 1 |a RU  |b 63413507  |c 20090622  |g PSBO 
801 2 |a RU  |b 63413507  |c 20210713  |g PSBO 
942 |c MX 
959 |a 84/20101111  |d 5  |e 0  |f ЯЦ_МСФ:5